[Event "11th 4NCL Congress Open"]
[Site "Harben House"]
[Date "2016.11.06"]
[Round "4.10"]
[White "Tate, Alan"]
[Black "Jayawarna, Nugith"]
[Result "1/2-1/2"]
[BlackElo "2057"]
[WhiteElo "2376"]
[LiveChessVersion "1.4.8"]

1. e4 {[%clk 1:26:22]} c5 {[%clk 1:30:52]} 2. Nf3 {[%clk 1:26:43]} e6
{[%clk 1:31:17]} 3. d4 {[%clk 1:27:11]} cxd4 {[%clk 1:31:43]} 4. Nxd4
{[%clk 1:27:38]} Nc6 {[%clk 1:32:06]} 5. Nc3 {[%clk 1:27:54]} Qc7
{[%clk 1:32:31]} 6. f4 {[%clk 1:28:21]} a6 {[%clk 1:32:55]} 7. Nxc6
{[%clk 1:28:43]} Qxc6 {[%clk 1:33:07]} 8. Bd3 {[%clk 1:27:47]} b5 9. Qe2
{[%clk 1:28:03]} Bb7 {[%clk 1:32:25]} 10. Bd2 {[%clk 1:27:48]} Be7
{[%clk 1:28:51]} 11. a3 {[%clk 1:25:19]} Rc8 {[%clk 1:24:41]} 12. O-O-O
{[%clk 1:24:12]} Nf6 13. Kb1 {[%clk 1:11:03]} O-O {[%clk 0:46:10]} 14. e5
{[%clk 1:01:16]} Nd5 {[%clk 0:45:33]} 15. Nxd5 {[%clk 0:56:05]} Qxd5
{[%clk 0:45:06]} 16. f5 {[%clk 0:45:53]} exf5 {[%clk 0:39:57]} 17. Bxf5
{[%clk 0:42:44]} Qc4 {[%clk 0:37:26]} 18. Rhe1 {[%clk 0:35:52]} Qa4
{[%clk 0:22:39]} 19. Qd3 {[%clk 0:34:05]} g6 {[%clk 0:22:18]} 20. Bxd7
{[%clk 0:33:01]} Rfd8 {[%clk 0:20:44]} 21. e6 {[%clk 0:33:16]} f5
{[%clk 0:19:38]} 22. Qb3 {[%clk 0:22:50]} Qxb3 {[%clk 0:17:44]} 23. cxb3
{[%clk 0:23:17]} Be4+ {[%clk 0:13:34]} 24. Rxe4 {[%clk 0:23:44]} fxe4
{[%clk 0:13:45]} 25. Bxc8 {[%clk 0:23:51]} Rxc8 {[%clk 0:13:43]} 26. Re1
{[%clk 0:22:58]} Rf8 {[%clk 0:10:35]} 27. Re2 {[%clk 0:20:12]} Rf6
{[%clk 0:09:37]} 28. Rxe4 {[%clk 0:19:28]} Rf2 {[%clk 0:09:45]} 29. Bb4
{[%clk 0:09:24]} Bxb4 {[%clk 0:08:04]} 30. axb4 {[%clk 0:06:32]} Kf8
{[%clk 0:07:24]} 31. Rh4 {[%clk 0:05:22]} 1/2-1/2

[Event "11th 4NCL Congress Open"]
[Site "Harben House"]
[Date "2016.11.06"]
[Round "4.11"]
[White "Sowray, Peter J"]
[Black "Burrows, Martin P"]
[Result "1-0"]
[BlackElo "2119"]
[WhiteElo "2310"]
[LiveChessVersion "1.4.8"]

1. d4 {[%clk 1:30:49]} Nf6 {[%clk 1:30:55]} 2. c4 {[%clk 1:31:13]} e6
{[%clk 1:31:21]} 3. Nc3 {[%clk 1:31:25]} Bb4 {[%clk 1:31:44]} 4. e3
{[%clk 1:31:50]} b6 {[%clk 1:32:04]} 5. Nge2 {[%clk 1:32:10]} Ba6
{[%clk 1:32:11]} 6. a3 {[%clk 1:31:06]} Be7 {[%clk 1:32:23]} 7. Nf4
{[%clk 1:30:15]} d5 {[%clk 1:32:24]} 8. cxd5 {[%clk 1:30:39]} Bxf1
{[%clk 1:32:35]} 9. dxe6 {[%clk 1:31:04]} Ba6 {[%clk 1:31:56]} 10. exf7+
{[%clk 1:31:16]} Kxf7 {[%clk 1:31:57]} 11. e4 {[%clk 1:30:01]} Bc4
{[%clk 1:31:01]} 12. Be3 {[%clk 1:29:44]} Re8 {[%clk 1:15:24]} 13. Qa4
{[%clk 1:18:22]} Be6 {[%clk 0:56:01]} 14. Nxe6 {[%clk 1:15:49]} Kxe6
{[%clk 0:56:04]} 15. Qc4+ {[%clk 1:14:45]} Kd7 {[%clk 0:56:15]} 16. e5
{[%clk 1:14:56]} Kc8 {[%clk 0:51:38]} 17. exf6 {[%clk 1:13:33]} Bxf6
{[%clk 0:51:47]} 18. O-O {[%clk 1:12:30]} Kb7 {[%clk 0:49:27]} 19. Rac1
{[%clk 1:09:17]} c6 {[%clk 0:45:41]} 20. d5 {[%clk 1:06:08]} Bxc3
{[%clk 0:41:31]} 21. Qxc3 {[%clk 0:59:35]} cxd5 {[%clk 0:37:38]} 22. Qxg7+
{[%clk 0:58:43]} Re7 {[%clk 0:36:52]} 23. Qh6 {[%clk 0:46:31]} Qd7
{[%clk 0:35:40]} 24. Rfd1 {[%clk 0:45:16]} Nc6 {[%clk 0:35:09]} 25. Qh5
{[%clk 0:42:49]} Re5 {[%clk 0:32:12]} 26. Qf3 {[%clk 0:43:06]} Rd8
{[%clk 0:31:27]} 27. Rd2 {[%clk 0:41:21]} Rf5 {[%clk 0:30:30]} 28. Bf4
{[%clk 0:39:41]} Qf7 {[%clk 0:25:19]} 29. g3 {[%clk 0:39:36]} Ne5
{[%clk 0:23:00]} 30. Qc3 {[%clk 0:37:07]} Nc4 {[%clk 0:17:37]} 31. Rd4
{[%clk 0:34:34]} Rc8 {[%clk 0:16:57]} 32. Rcd1 {[%clk 0:29:12]} Qh5
{[%clk 0:10:39]} 33. Qb3 {[%clk 0:26:35]} Qh3 {[%clk 0:06:11]} 34. Qf3
{[%clk 0:20:29]} Ne5 {[%clk 0:04:49]} 35. Qxd5+ {[%clk 0:20:18]} 1-0

[Event "11th 4NCL Congress Open"]
[Site "Harben House"]
[Date "2016.11.06"]
[Round "4.13"]
[White "Hill, Alistair"]
[Black "Clark, Robert G"]
[Result "1-0"]
[BlackElo "2006"]
[WhiteElo "2249"]
[LiveChessVersion "1.4.8"]

1. d4 {[%clk 1:28:35]} Nf6 {[%clk 1:29:31]} 2. c4 {[%clk 1:29:01]} c5
{[%clk 1:29:45]} 3. d5 {[%clk 1:29:02]} e6 {[%clk 1:30:08]} 4. Nf3
{[%clk 1:28:37]} exd5 {[%clk 1:30:19]} 5. cxd5 {[%clk 1:29:01]} d6
{[%clk 1:30:13]} 6. e4 {[%clk 1:28:28]} g6 {[%clk 1:28:04]} 7. h3
{[%clk 1:28:17]} Bg7 {[%clk 1:27:44]} 8. Bd3 {[%clk 1:28:42]} O-O
{[%clk 1:27:32]} 9. O-O {[%clk 1:29:07]} Na6 {[%clk 1:22:02]} 10. Re1
{[%clk 1:26:27]} Rb8 {[%clk 1:16:45]} 11. Nc3 {[%clk 1:26:37]} Re8
{[%clk 1:10:36]} 12. Bf4 {[%clk 1:24:04]} Nh5 {[%clk 1:03:16]} 13. Bh2
{[%clk 1:19:34]} Nb4 {[%clk 0:59:49]} 14. Bb1 {[%clk 1:05:42]} Bh6
{[%clk 0:50:10]} 15. a3 {[%clk 0:43:11]} Na6 {[%clk 0:48:59]} 16. e5
{[%clk 0:43:35]} Bf4 {[%clk 0:39:43]} 17. Bxf4 {[%clk 0:43:59]} Nxf4
{[%clk 0:40:08]} 18. exd6 {[%clk 0:44:04]} Rxe1+ {[%clk 0:36:52]} 19. Qxe1
{[%clk 0:44:27]} Bxh3 {[%clk 0:36:34]} 20. Qe5 {[%clk 0:30:29]} Nxg2
{[%clk 0:31:11]} 21. Ne4 {[%clk 0:25:37]} Nh4 {[%clk 0:29:53]} 22. Nf6+
{[%clk 0:26:02]} Kg7 {[%clk 0:25:30]} 23. Ne8+ {[%clk 0:25:53]} Kh6
{[%clk 0:24:36]} 24. Qg7+ {[%clk 0:26:13]} Kh5 {[%clk 0:24:41]} 25. Nf6+
{[%clk 0:26:39]} 1-0

[Event "11th 4NCL Congress Open"]
[Site "Harben House"]
[Date "2016.11.06"]
[Round "4.14"]
[White "Mason, Donald J"]
[Black "Boswell, Jacob Connor"]
[Result "1/2-1/2"]
[BlackElo "1698"]
[WhiteElo "2157"]
[LiveChessVersion "1.4.8"]

1. d4 {[%clk 1:30:58]} f5 {[%clk 1:30:54]} 2. Nc3 {[%clk 1:31:21]} Nf6
{[%clk 1:31:00]} 3. Bg5 {[%clk 1:31:45]} e6 {[%clk 1:31:24]} 4. e4
{[%clk 1:31:52]} fxe4 {[%clk 1:31:36]} 5. Nxe4 {[%clk 1:32:14]} Be7
{[%clk 1:32:00]} 6. Bxf6 {[%clk 1:31:52]} Bxf6 {[%clk 1:31:57]} 7. Nf3
{[%clk 1:30:02]} b6 {[%clk 1:28:16]} 8. Bd3 {[%clk 1:29:53]} Bb7 {[%clk 1:28:18]}
9. Ne5 {[%clk 1:28:13]} Bxe5 {[%clk 1:22:27]} 10. Qh5+ {[%clk 1:19:11]} g6
{[%clk 1:21:06]} 11. Qxe5 {[%clk 1:19:34]} Rf8 {[%clk 1:20:22]} 12. O-O-O
{[%clk 1:11:11]} Nc6 {[%clk 1:15:11]} 13. Qg3 {[%clk 1:06:39]} Nb4
{[%clk 0:51:44]} 14. Ng5 {[%clk 1:06:21]} Qe7 {[%clk 0:42:26]} 15. a3
{[%clk 0:56:04]} Nxd3+ {[%clk 0:39:13]} 16. Rxd3 {[%clk 0:56:32]} Rf5
{[%clk 0:31:39]} 17. h4 {[%clk 0:54:24]} O-O-O {[%clk 0:18:29]} 18. Re1
{[%clk 0:53:32]} Rdf8 {[%clk 0:08:46]} 19. Rc3 {[%clk 0:46:02]} Bc6
{[%clk 0:05:33]} 20. Nxe6 {[%clk 0:39:58]} dxe6 {[%clk 0:06:02]} 21. Rxc6
{[%clk 0:40:17]} Rxf2 {[%clk 0:05:15]} 22. Rcxe6 {[%clk 0:23:46]} Qd7
{[%clk 0:03:47]} 23. Re8+ {[%clk 0:17:58]} Kb7 {[%clk 0:04:04]} 24. Rxf8
{[%clk 0:18:03]} Rxf8 {[%clk 0:04:32]} 25. Rd1 {[%clk 0:10:47]} Qd5
{[%clk 0:03:43]} 26. b3 {[%clk 0:10:20]} b5 {[%clk 0:02:16]} 27. Qd3
{[%clk 0:08:29]} Rf4 {[%clk 0:01:19]} 28. h5 {[%clk 0:04:37]} Qxh5
{[%clk 0:01:24]} 29. d5 {[%clk 0:04:56]} Qg5 {[%clk 0:01:36]} 30. Qxb5+
{[%clk 0:04:39]} Ka8 {[%clk 0:01:31]} 31. Qe8+ {[%clk 0:02:27]} Kb7
{[%clk 0:01:59]} 32. Qc6+ {[%clk 0:02:52]} Kb8 {[%clk 0:02:20]} 33. Qe8+
{[%clk 0:01:45]} Kb7 {[%clk 0:02:44]} 34. Qe3 {[%clk 0:00:59]} Qf6
{[%clk 0:02:45]} 35. Kb1 {[%clk 0:01:10]} Rf1 {[%clk 0:02:49]} 36. Qe2
{[%clk 0:01:08]} Rxd1+ {[%clk 0:02:50]} 37. Qxd1 {[%clk 0:01:36]} h5 1/2-1/2

[Event "11th 4NCL Congress Open"]
[Site "Harben House"]
[Date "2016.11.06"]
[Round "4.15"]
[White "Ramprasad, Cherupalli"]
[Black "Cumming, Rhys"]
[Result "0-1"]
[BlackElo "2154"]
[WhiteElo "1945"]
[LiveChessVersion "1.4.8"]

1. Nf3 {[%clk 1:30:56]} c5 {[%clk 1:30:49]} 2. c4 {[%clk 1:31:00]} Nc6
{[%clk 1:31:12]} 3. g3 {[%clk 1:30:40]} g6 {[%clk 1:31:25]} 4. Nc3
{[%clk 1:28:42]} Bg7 {[%clk 1:31:40]} 5. Bg2 {[%clk 1:28:11]} e6 {[%clk 1:31:46]}
6. e4 {[%clk 1:25:55]} Nge7 {[%clk 1:30:22]} 7. O-O {[%clk 1:18:56]} O-O
{[%clk 1:30:01]} 8. d3 {[%clk 1:17:06]} a6 {[%clk 1:23:36]} 9. Be3
{[%clk 1:14:20]} Nd4 {[%clk 1:23:49]} 10. Qd2 {[%clk 1:09:06]} Nec6
{[%clk 1:17:38]} 11. Bh6 {[%clk 1:07:35]} Rb8 {[%clk 1:16:53]} 12. Bxg7 Kxg7
{[%clk 1:14:37]} 13. Ne2 {[%clk 1:03:52]} Nxf3+ {[%clk 1:06:14]} 14. Bxf3
{[%clk 1:04:11]} e5 {[%clk 1:06:41]} 15. Nc3 {[%clk 0:54:31]} d6 {[%clk 1:05:15]}
16. Bg2 {[%clk 0:54:00]} Nd4 {[%clk 0:58:33]} 17. Ne2 {[%clk 0:42:43]} Nxe2+
{[%clk 0:50:00]} 18. Qxe2 {[%clk 0:42:46]} b5 {[%clk 0:49:55]} 19. f4
{[%clk 0:38:23]} Qe7 {[%clk 0:46:07]} 20. f5 {[%clk 0:33:57]} f6 {[%clk 0:46:04]}
21. fxg6 {[%clk 0:29:01]} hxg6 {[%clk 0:46:15]} 22. Rf2 {[%clk 0:29:06]} Be6
{[%clk 0:44:50]} 23. Raf1 {[%clk 0:26:58]} Rf7 {[%clk 0:44:09]} 24. g4
{[%clk 0:23:57]} Qd7 {[%clk 0:38:58]} 25. h3 {[%clk 0:21:45]} a5 {[%clk 0:37:36]}
26. b3 {[%clk 0:20:21]} a4 {[%clk 0:36:59]} 27. Rf3 {[%clk 0:17:39]} Rbf8
{[%clk 0:32:55]} 28. Qf2 {[%clk 0:13:14]} Qa7 {[%clk 0:28:20]} 29. Qc2
{[%clk 0:08:21]} Qa5 {[%clk 0:26:28]} 30. R3f2 {[%clk 0:07:35]} Rb8
{[%clk 0:22:03]} 31. Bf3 {[%clk 0:06:36]} Qb4 {[%clk 0:19:14]} 32. Bd1
{[%clk 0:06:29]} axb3 {[%clk 0:14:44]} 33. axb3 {[%clk 0:06:26]} Qa3
{[%clk 0:14:58]} 34. Qd2 {[%clk 0:06:00]} Qa1 {[%clk 0:13:42]} 35. Kg2
{[%clk 0:05:22]} Qd4 {[%clk 0:12:14]} 36. Qe2 {[%clk 0:05:11]} Bd7
{[%clk 0:10:42]} 37. Kh2 {[%clk 0:05:17]} Bc6 {[%clk 0:09:41]} 38. g5
{[%clk 0:04:20]} Rbf8 {[%clk 0:09:23]} 39. h4 {[%clk 0:03:16]} f5
{[%clk 0:08:35]} 40. Qf3 {[%clk 0:01:25]} Be8 {[%clk 0:06:39]} 41. Qe2
{[%clk 0:01:12]} Rh8 {[%clk 0:05:21]} 42. Kh3 {[%clk 0:00:38]} Bd7
{[%clk 0:05:33]} 43. Qe1 {[%clk 0:00:55]} fxe4+ {[%clk 0:04:13]} 44. Kg3
{[%clk 0:01:05]} Qxd3+ {[%clk 0:03:55]} 45. Kg2 {[%clk 0:00:52]} Bh3+
{[%clk 0:02:45]} 46. Kh2 {[%clk 0:01:03]} Bxf1 {[%clk 0:02:39]} 47. Rxf7+
{[%clk 0:01:03]} Kxf7 {[%clk 0:03:05]} 48. Qf2+ {[%clk 0:01:23]} Ke8
{[%clk 0:03:05]} 49. Bg4 {[%clk 0:00:33]} Rf8 {[%clk 0:02:57]} 0-1

[Event "11th 4NCL Congress Open"]
[Site "Harben House"]
[Date "2016.11.06"]
[Round "4.16"]
[White "Jarmany, John"]
[Black "Rowan, Daniel"]
[Result "1/2-1/2"]
[BlackElo "1818"]
[WhiteElo "2139"]
[LiveChessVersion "1.4.8"]

1. d4 {[%clk 1:30:59]} d5 {[%clk 1:30:55]} 2. c4 {[%clk 1:31:24]} e6
{[%clk 1:31:20]} 3. Nf3 {[%clk 1:31:51]} c5 {[%clk 1:31:46]} 4. cxd5
{[%clk 1:32:00]} exd5 {[%clk 1:32:09]} 5. g3 {[%clk 1:32:04]} Nc6
{[%clk 1:32:33]} 6. Bg2 {[%clk 1:32:25]} Nf6 {[%clk 1:32:52]} 7. O-O
{[%clk 1:32:48]} Be7 {[%clk 1:33:17]} 8. Nc3 {[%clk 1:33:07]} O-O
{[%clk 1:33:40]} 9. Bg5 {[%clk 1:33:35]} c4 {[%clk 1:34:04]} 10. Ne5
{[%clk 1:33:32]} Be6 {[%clk 1:34:28]} 11. Nxc6 {[%clk 1:31:09]} bxc6
{[%clk 1:34:48]} 12. b3 {[%clk 1:30:51]} Qa5 {[%clk 1:35:11]} 13. Qd2
{[%clk 1:30:43]} Bb4 {[%clk 1:29:18]} 14. Bxf6 {[%clk 1:31:05]} gxf6
{[%clk 1:28:51]} 15. Rfc1 {[%clk 1:31:32]} cxb3 {[%clk 1:25:37]} 16. axb3
{[%clk 1:25:47]} Bxc3 {[%clk 1:23:07]} 17. Qxc3 {[%clk 1:26:10]} Qxc3
{[%clk 1:23:27]} 18. Rxc3 {[%clk 1:26:38]} Bd7 {[%clk 1:13:19]} 19. e4
{[%clk 1:20:00]} dxe4 20. Bxe4 {[%clk 1:19:41]} Rfd8 {[%clk 1:04:12]} 21. Kg2
{[%clk 0:56:13]} f5 {[%clk 0:51:55]} 22. Bf3 {[%clk 0:55:44]} Be8
{[%clk 0:49:56]} 23. Rc4 {[%clk 0:53:53]} Rab8 {[%clk 0:45:36]} 24. Bxc6
{[%clk 0:40:42]} Bxc6+ {[%clk 0:44:36]} 25. Rxc6 {[%clk 0:41:08]} Rxb3
{[%clk 0:33:29]} 26. Rxa7 {[%clk 0:41:28]} f4 {[%clk 0:33:51]} 27. gxf4
{[%clk 0:37:04]} Rxd4 {[%clk 0:33:32]} 28. Rf6 {[%clk 0:37:09]} Rb2
{[%clk 0:30:29]} 29. Rfxf7 {[%clk 0:37:02]} Rdd2 {[%clk 0:29:32]} 30. Rg7+
{[%clk 0:36:41]} Kf8 {[%clk 0:28:11]} 31. Rxh7 {[%clk 0:36:53]} Rxf2+
{[%clk 0:25:37]} 32. Kg3 {[%clk 0:37:05]} Rg2+ {[%clk 0:19:13]} 33. Kf3
{[%clk 0:37:14]} Kg8 {[%clk 0:13:59]} 34. Rhd7 {[%clk 0:33:32]} Rbf2+
{[%clk 0:12:48]} 35. Ke4 {[%clk 0:33:38]} Re2+ {[%clk 0:12:36]} 36. Kf5
{[%clk 0:34:00]} Re8 {[%clk 0:12:49]} 37. h4 {[%clk 0:33:15]} Rf8+
{[%clk 0:09:28]} 38. Ke4 {[%clk 0:24:49]} Rg4 {[%clk 0:08:19]} 39. Ke5
{[%clk 0:23:52]} Rfxf4 {[%clk 0:04:49]} 40. Rd8+ {[%clk 0:23:10]} Rf8
{[%clk 0:05:09]} 41. Rxf8+ {[%clk 0:23:23]} Kxf8 {[%clk 0:05:32]} 42. h5
{[%clk 0:23:50]} Kg8 {[%clk 0:04:10]} 43. Kf6 {[%clk 0:23:15]} Rg1
{[%clk 0:03:19]} 44. Rb7 {[%clk 0:22:21]} Rg2 {[%clk 0:02:23]} 45. Rb5
{[%clk 0:20:23]} Kh7 {[%clk 0:01:26]} 46. Rb8 {[%clk 0:18:54]} Rf2+
{[%clk 0:00:41]} 47. Kg5 {[%clk 0:19:06]} Rg2+ {[%clk 0:01:05]} 48. Kf4
{[%clk 0:18:07]} Rf2+ {[%clk 0:01:14]} 49. Kg3 {[%clk 0:18:27]} Rf5
{[%clk 0:01:07]} 50. Kg4 {[%clk 0:18:48]} Rf1 {[%clk 0:01:26]} 51. Rb6
{[%clk 0:18:45]} Rg1+ {[%clk 0:01:40]} 52. Kf4 {[%clk 0:17:47]} Rf1+
{[%clk 0:01:57]} 53. Kg3 {[%clk 0:18:00]} Rg1+ {[%clk 0:02:11]} 54. Kf4
{[%clk 0:17:17]} Rf1+ {[%clk 0:02:26]} 55. Kg5 {[%clk 0:17:41]} Rg1+
{[%clk 0:02:51]} 56. Kf6 {[%clk 0:18:07]} Rf1+ {[%clk 0:02:50]} 57. Ke7
{[%clk 0:18:16]} Re1+ {[%clk 0:02:41]} 58. Kd7 {[%clk 0:17:08]} Rd1+
{[%clk 0:03:01]} 59. Kc7 {[%clk 0:17:33]} Rc1+ {[%clk 0:03:22]} 60. Kd7
{[%clk 0:17:34]} 1/2-1/2

[Event "11th 4NCL Congress Open"]
[Site "Harben House"]
[Date "2016.11.06"]
[Round "5.1"]
[White "Fernandez, Daniel H"]
[Black "Hand, Freddie"]
[Result "1/2-1/2"]
[BlackElo "2103"]
[WhiteElo "2450"]
[LiveChessVersion "1.4.8"]

1. d4 d5 2. c4 c6 3. cxd5 cxd5 4. Nc3 Nf6 5. Bf4 Qb6 6. e3 Qxb2 7. Bb5+ Nc6 8.
Nge2 Bf5 9. O-O Qa3 10. Bd3 Bxd3 11. Qxd3 e6 12. Rab1 {[%clk 1:16:58]} Bb4
{[%clk 1:27:14]} 13. Qb5 {[%clk 1:15:17]} O-O {[%clk 1:25:59]} 14. Rb3
{[%clk 1:12:55]} Qa5 {[%clk 1:22:50]} 15. Qxb7 {[%clk 1:13:03]} Rfc8
{[%clk 1:14:34]} 16. Rfb1 {[%clk 1:12:38]} Bf8 {[%clk 1:08:17]} 17. Rb5
{[%clk 1:09:58]} Qd8 {[%clk 1:04:08]} 18. Qa6 {[%clk 1:10:04]} Nd7
{[%clk 0:57:12]} 19. Na4 {[%clk 1:09:47]} Nb6 {[%clk 0:49:37]} 20. Nxb6
{[%clk 1:09:56]} axb6 {[%clk 0:50:02]} 21. Qxb6 {[%clk 1:10:18]} Qxb6
{[%clk 0:48:48]} 22. Rxb6 {[%clk 1:10:45]} Rxa2 {[%clk 0:49:10]} 23. R6b2
{[%clk 1:10:44]} 1/2-1/2

[Event "11th 4NCL Congress Open"]
[Site "Harben House"]
[Date "2016.11.06"]
[Round "5.2"]
[White "Pert, Nicholas"]
[Black "Hebden, Mark L"]
[Result "1/2-1/2"]
[BlackElo "2491"]
[WhiteElo "2566"]
[LiveChessVersion "1.4.8"]

1. d4 {[%clk 1:30:58]} Nf6 {[%clk 1:30:45]} 2. Nf3 {[%clk 1:31:24]} d6
{[%clk 1:30:15]} 3. g3 {[%clk 1:31:34]} Nbd7 {[%clk 1:29:17]} 4. Bg2
{[%clk 1:31:58]} e5 {[%clk 1:29:22]} 5. O-O {[%clk 1:26:37]} e4 {[%clk 1:28:48]}
6. Nfd2 {[%clk 1:21:17]} d5 {[%clk 1:27:37]} 7. c4 c6 8. Nc3 {[%clk 1:14:52]} Be7
{[%clk 1:25:50]} 9. f3 {[%clk 1:02:11]} exf3 {[%clk 1:22:13]} 10. Bxf3
{[%clk 1:02:35]} O-O {[%clk 1:21:59]} 11. e3 {[%clk 0:53:53]} Nb6
{[%clk 1:17:21]} 12. c5 {[%clk 0:49:29]} Nbd7 {[%clk 1:17:38]} 13. b4
{[%clk 0:49:35]} Re8 {[%clk 1:17:43]} 14. Bb2 {[%clk 0:45:35]} Nf8
{[%clk 1:17:49]} 15. Bg2 {[%clk 0:43:44]} Bg4 {[%clk 1:13:10]} 16. Qc2
{[%clk 0:42:14]} Qd7 {[%clk 1:12:35]} 17. Rae1 {[%clk 0:39:09]} Bh3
{[%clk 1:10:22]} 18. Bxh3 {[%clk 0:38:11]} Qxh3 {[%clk 1:10:40]} 19. Qf5
{[%clk 0:38:28]} Ng4 {[%clk 1:04:59]} 20. Qxf7+ {[%clk 0:33:39]} Kh8
{[%clk 1:05:18]} 21. Nf3 {[%clk 0:33:54]} Ng6 {[%clk 0:58:59]} 22. Qf5
{[%clk 0:33:24]} Bf6 {[%clk 0:54:37]} 23. Bc1 {[%clk 0:30:45]} Re7
{[%clk 0:50:57]} 24. Qc2 {[%clk 0:31:13]} Rae8 {[%clk 0:50:26]} 25. Qg2
{[%clk 0:31:26]} Qxg2+ {[%clk 0:49:20]} 26. Kxg2 {[%clk 0:31:54]} Nxe3+
{[%clk 0:46:11]} 27. Bxe3 {[%clk 0:32:21]} Rxe3 {[%clk 0:46:33]} 28. Kf2
{[%clk 0:32:08]} R3e7 {[%clk 0:45:03]} 29. Rxe7 {[%clk 0:30:50]} Rxe7
{[%clk 0:44:47]} 30. Re1 {[%clk 0:30:45]} h5 {[%clk 0:45:01]} 31. Rxe7
{[%clk 0:24:15]} Nxe7 {[%clk 0:45:14]} 32. h3 {[%clk 0:24:39]} g5
{[%clk 0:41:14]} 33. g4 {[%clk 0:25:05]} h4 {[%clk 0:41:30]} 34. Ke3
{[%clk 0:25:13]} Ng6 {[%clk 0:41:52]} 35. Ne2 {[%clk 0:24:05]} Kg7
{[%clk 0:42:05]} 36. Ne1 {[%clk 0:21:03]} Bd8 {[%clk 0:42:04]} 37. a4
{[%clk 0:20:33]} Kf6 {[%clk 0:42:10]} 38. Nd3 {[%clk 0:20:45]} Bc7
{[%clk 0:42:20]} 39. a5 {[%clk 0:16:41]} Nf8 {[%clk 0:41:43]} 40. Ng1
{[%clk 0:16:51]} Nd7 {[%clk 0:40:21]} 41. Nf3 {[%clk 0:17:03]} Nb8
{[%clk 0:40:40]} 42. Ng1 {[%clk 0:07:08]} Na6 {[%clk 0:40:39]} 43. Ne2
{[%clk 0:07:35]} Bh2 {[%clk 0:40:07]} 44. Kf3 {[%clk 0:07:36]} Bb8
{[%clk 0:39:49]} 45. Ke3 {[%clk 0:07:20]} Nc7 {[%clk 0:39:16]} 46. Ne5
{[%clk 0:04:59]} Na6 {[%clk 0:38:35]} 47. Nd7+ {[%clk 0:05:14]} Ke7
{[%clk 0:37:47]} 48. Nxb8 {[%clk 0:05:43]} Nxb8 {[%clk 0:38:10]} 49. Nc3
{[%clk 0:05:57]} a6 {[%clk 0:36:22]} 50. Na4 {[%clk 0:05:18]} Nd7
{[%clk 0:35:34]} 51. Nb6 {[%clk 0:05:09]} Nf8 {[%clk 0:35:20]} 52. Nc8+
{[%clk 0:05:36]} Kd7 {[%clk 0:35:25]} 53. Nd6 {[%clk 0:06:01]} Kc7
{[%clk 0:35:51]} 54. Ne8+ {[%clk 0:06:07]} Kb8 {[%clk 0:36:00]} 55. Ng7
{[%clk 0:04:58]} Kc8 {[%clk 0:36:17]} 56. Kf3 {[%clk 0:04:20]} Kd7
{[%clk 0:36:25]} 57. Ke3 {[%clk 0:04:36]} Ng6 {[%clk 0:36:34]} 58. Nf5
{[%clk 0:05:02]} Nf8 {[%clk 0:32:25]} 59. Ng7 {[%clk 0:05:13]} Kd8
{[%clk 0:30:06]} 60. Kf3 {[%clk 0:05:36]} Ke7 {[%clk 0:29:06]} 61. Ke3
{[%clk 0:03:51]} Kf7 {[%clk 0:26:17]} 62. Nf5 {[%clk 0:04:12]} Ne6
{[%clk 0:26:38]} 63. Nd6+ {[%clk 0:04:03]} Ke7 {[%clk 0:26:47]} 64. Nf5+
{[%clk 0:02:46]} Kd7 1/2-1/2

[Event "11th 4NCL Congress Open"]
[Site "Harben House"]
[Date "2016.11.06"]
[Round "5.3"]
[White "Arkell, Keith C"]
[Black "Clarke, Brandon Gi"]
[Result "0-1"]
[BlackElo "2288"]
[WhiteElo "2450"]
[LiveChessVersion "1.4.8"]

1. Nf3 Nf6 2. c4 c6 3. d4 d5 4. Qc2 g6 5. Bf4 Bf5 6. Qb3 Qb6 7. e3 Nbd7 8. Nc3
Bg7 {[%clk 1:23:22]} 9. h3 {[%clk 1:30:51]} O-O {[%clk 1:21:46]} 10. g4 Be4
{[%clk 1:19:44]} 11. Nxe4 {[%clk 1:25:31]} Nxe4 {[%clk 1:19:00]} 12. Qxb6
{[%clk 1:25:42]} Nxb6 {[%clk 1:19:13]} 13. c5 {[%clk 1:20:21]} Nd7
{[%clk 1:19:25]} 14. Rc1 {[%clk 1:19:31]} Rfe8 {[%clk 1:09:32]} 15. Ne5
{[%clk 1:07:17]} Bxe5 {[%clk 1:08:28]} 16. Bxe5 {[%clk 1:07:41]} f6
{[%clk 1:07:58]} 17. Bh2 {[%clk 1:07:45]} e5 {[%clk 1:08:14]} 18. f3
{[%clk 1:01:59]} exd4 {[%clk 1:06:16]} 19. fxe4 {[%clk 1:02:24]} Rxe4
{[%clk 1:06:38]} 20. Bd3 {[%clk 0:43:47]} Rxe3+ {[%clk 1:04:53]} 21. Kd2
{[%clk 0:44:13]} Rxh3 {[%clk 1:04:06]} 22. Bd6 {[%clk 0:44:31]} Rxh1
{[%clk 1:02:31]} 23. Rxh1 {[%clk 0:44:58]} Ne5 {[%clk 1:00:52]} 24. Be2
{[%clk 0:43:54]} Re8 {[%clk 0:57:40]} 25. b3 {[%clk 0:43:37]} Kg7
{[%clk 0:57:29]} 26. Bd1 {[%clk 0:41:01]} Nf7 {[%clk 0:57:11]} 27. Bf4
{[%clk 0:40:30]} Re4 {[%clk 0:56:46]} 28. Rf1 {[%clk 0:39:00]} g5
{[%clk 0:49:59]} 29. Bb8 {[%clk 0:39:22]} a6 {[%clk 0:39:31]} 30. Rg1
{[%clk 0:26:53]} Ne5 {[%clk 0:37:26]} 31. Rg3 {[%clk 0:27:13]} Rf4
{[%clk 0:36:21]} 32. Rg2 {[%clk 0:27:09]} Rf1 {[%clk 0:34:06]} 33. a4
{[%clk 0:12:07]} d3 {[%clk 0:32:53]} 34. Rg3 {[%clk 0:11:47]} Rf2+
{[%clk 0:27:54]} 35. Ke3 {[%clk 0:11:31]} Rf1 {[%clk 0:26:30]} 36. Kd2
{[%clk 0:12:00]} Rf2+ {[%clk 0:18:14]} 37. Ke1 {[%clk 0:12:06]} Rh2
{[%clk 0:14:36]} 38. Bxe5 {[%clk 0:08:27]} fxe5 {[%clk 0:15:05]} 39. Rxd3
{[%clk 0:08:47]} e4 {[%clk 0:14:49]} 40. Rd2 {[%clk 0:07:39]} Rxd2
{[%clk 0:13:16]} 41. Kxd2 {[%clk 0:08:08]} Kf6 {[%clk 0:13:45]} 42. Kc3
{[%clk 0:07:56]} Ke5 {[%clk 0:14:13]} 43. b4 {[%clk 0:07:56]} d4+
{[%clk 0:12:32]} 44. Kc4 {[%clk 0:08:24]} d3 {[%clk 0:12:15]} 45. a5
{[%clk 0:07:36]} h6 {[%clk 0:12:31]} 46. Kc3 {[%clk 0:07:52]} Kd5
{[%clk 0:04:59]} 47. Ba4 {[%clk 0:02:36]} Ke5 {[%clk 0:02:45]} 48. Bd1
{[%clk 0:03:01]} Kd5 {[%clk 0:03:11]} 49. Ba4 {[%clk 0:03:29]} Ke5
{[%clk 0:02:57]} 50. Bb3 {[%clk 0:00:51]} Kf4 {[%clk 0:03:24]} 51. Kd4
{[%clk 0:01:11]} h5 {[%clk 0:03:05]} 52. gxh5 {[%clk 0:01:25]} g4
{[%clk 0:03:34]} 53. h6 {[%clk 0:01:42]} g3 {[%clk 0:04:03]} 54. h7
{[%clk 0:02:06]} g2 {[%clk 0:04:31]} 55. h8=Q {[%clk 0:02:31]} g1=Q+
{[%clk 0:04:58]} 56. Kc4 {[%clk 0:02:56]} Qc1+ {[%clk 0:05:23]} 57. Qc3
{[%clk 0:03:18]} d2 {[%clk 0:03:11]} 58. Bc2 {[%clk 0:02:56]} Qf1+
{[%clk 0:03:16]} 59. Kb3 {[%clk 0:02:41]} d1=Q {[%clk 0:02:54]} 60. Qf6+
{[%clk 0:03:05]} Ke3 {[%clk 0:02:48]} 61. Qh6+ {[%clk 0:02:57]} Ke2
{[%clk 0:02:38]} 62. Qh2+ {[%clk 0:02:26]} Ke1 {[%clk 0:01:50]} 63. Qg3+
{[%clk 0:01:45]} Kd2 {[%clk 0:02:04]} 64. Qc3+ {[%clk 0:00:34]} Ke2
{[%clk 0:02:33]} 65. Qc4+ {[%clk 0:00:43]} Qd3+ {[%clk 0:02:25]} 66. Bxd3+ exd3
{[%clk 0:02:54]} 67. Qe6+ {[%clk 0:00:33]} Kd1 {[%clk 0:02:09]} 68. Kc3
{[%clk 0:00:47]} Qe2 {[%clk 0:01:44]} 69. Qh6 {[%clk 0:00:36]} d2
{[%clk 0:00:48]} 70. Kb2 {[%clk 0:00:33]} Qe5+ {[%clk 0:01:10]} 71. Kb1
{[%clk 0:00:46]} Qe4+ {[%clk 0:01:38]} 72. Ka2 {[%clk 0:00:50]} Kc2
{[%clk 0:01:44]} 0-1